000 00231nam a22000857a 4500
008 161027b xxu||||| |||| 00| 0 eng d
100 _9967
_aJharna.De.etal.
245 _aMathsight Book
260 _aNew Delhi
_bBrittanica Publications
_c2011
999 _c3626
_d3626